International environmental law and policy

Enregistré dans:
Détails bibliographiques
Auteurs principaux: Hunter, David (Auteur), Salzman, James (Auteur), Zaelke, Durwood (Auteur)
Format: Livre
Langue:anglais
Publié: Nueva York Foundation Press 2007
Édition:3a. ed
Collection:University Casebook Series
Sujets:
Tags: Ajouter un tag
Pas de tags, Soyez le premier à ajouter un tag!

MARC

LEADER 00000nam a2200000 a 4500
001 UCI9894
003 CL-VaPUC
008 081212e20070000US |||||||||||||||||eng|d
020 |a 9781599410418 
082 0 4 |a 341.762  |b HUN  |2 21 
100 0 |a Hunter, David  |e author  |9 533920 
700 0 |a Salzman, James  |e author  |9 533921 
700 0 |a Zaelke, Durwood  |e author  |9 533922 
245 1 0 |a International environmental law and policy 
250 |a 3a. ed 
300 |a 1613 p 
942 |c BK 
945 |d 20081212 00:00:00  |a jtorresc 
260 |a Nueva York  |b Foundation Press  |c 2007 
650 0 |a Derecho ambiental internacional  |9 467416 
650 0 |a Protección del medio ambiente  |9 257626 
650 0 |a Política internacional  |9 255813 
583 |a last modification  |c 20081212 00:00:00  |k Rodrigo Vera 
490 0 |a University Casebook Series 
999 |c 332340  |d 332338 
952 |0 0  |1 0  |4 0  |6 341_762000000000000_HUN_2007  |7 0  |8 A  |9 419951  |a BIBDER  |b BIBDER  |d 2019-11-22  |i 4504887  |o 341.762 HUN 2007  |p 4504887  |r 2023-01-25  |w 2019-11-22  |y BK  |k DER